| 000 | 00476 a2200169 4500 | ||
|---|---|---|---|
| 999 |
_c2295 _d2295 |
||
| 020 | _a9788131706916 | ||
| 050 | _aHF5415 ARM 2005 | ||
| 100 |
_aArmstrong, Gary _eauthor |
||
| 245 |
_aMarketing : _bAn introduction |
||
| 250 | _a7th ed. | ||
| 264 |
_aUpper Saddle River _bPearson _c2005 |
||
| 300 |
_a581p. : _bill. |
||
| 500 | _aIncludes bibliographical references and index | ||
| 650 | _aMarketing. | ||
| 700 |
_aKotler, P. _eauthor |
||
| 942 |
_2lcc _cBK _e7th ed. _h5415 _iARM _kHF |
||